| 000 | 00864nam a22002057a 4500 | ||
|---|---|---|---|
| 003 | SISC | ||
| 005 | 20170615164546.0 | ||
| 008 | 150511b xxu||||| |||| 00| 0 eng d | ||
| 020 | _a9781619974470 | ||
| 050 | _aPE 1408 .ELA8 C734 .TM 2013 | ||
| 245 | _aCommon core coach, english language arts 8 : teacher's manual | ||
| 250 | _a1st edition | ||
| 260 |
_aNew York : _bTriumph Learning, _cc2013 |
||
| 300 |
_aiii,189 pages : _bcolored illustrations ; _c27cm. |
||
| 440 | _aCommon core coach | ||
| 650 |
_2Library of Congress Subject Headings _aEnglish language _xProblems, exercises, etc. |
||
| 650 |
_2Library of Congress Subject Headings _aEnglish language _xStudy and teaching (Elementary) |
||
| 942 |
_2lcc _cBK _hPE 1408 .ELA8 C734 .TM 2013 |
||
| 999 |
_c283944 _d283944 |
||